| 000 | 01198nam a2200337 c 4500 | ||
|---|---|---|---|
| 003 | BLK | ||
| 005 | 20190218114031.0 | ||
| 008 | 180409b bul|||||r ||||||| ||bul|| | ||
| 010 | _aKNG00104767000 | ||
| 020 |
_a3-19-001657-7 _bиздат.: Max Hueber |
||
| 040 | _aBLK | ||
| 041 |
_aDEU _cDEU |
||
| 080 |
_aНемски език (високонемски, стандартен писмен) _b811.112.2 _x-5 _z811.112.2-5 |
||
| 100 | 1 |
_aHering, Axel _eпърви автор _9308176 |
|
| 700 | 1 |
_aMatussek, Magdalena _eсъавт. _918144 |
|
| 700 | 1 |
_aPerlmann-Balme, Michaela _eсъавт. _920976 |
|
| 139 |
_aHering, Axel et al. _bH 57 |
||
| 245 | 1 | 0 |
_aEm Ubungsgrammatik _bDeutsch als Fremdsprache _cAxel Hering; съавт. Magdalena Matussek; съавт. Michaela Perlmann-Balme. |
| 257 | _aDEU | ||
| 260 |
_аIsmaning _bMax Hueber _c2002 |
||
| 300 |
_a248 c. _c24 cm |
||
| 380 | _a80 | ||
| 650 | 4 |
_aНемски език - граматика _9244518 |
|
| 653 | _aнемски език | ||
| 653 | _aграматика | ||
| 852 | _aЦб 213646 | ||
| 856 | 4 |
_qpdf _u |
|
| 856 | 4 |
_qpdf _u |
|
| 942 |
_cKNG _n0 _01 |
||
| 944 |
_aCR _c01.01.2002 _kТеодора_Стоянова |
||
| 944 |
_aED _c11.12.2014 _kТеодора_Стоянова |
||
| 999 |
_c99753 _d99753 |
||